000 00297nam a22001097a 4500
020 _a9781035413485
082 _a951.061 209 2 SHE/R
245 _aThe Red Emperor/
_cby Sheridan, Michael
260 _a. - London
_b: Headline publishing Group
_c, 2024
300 _axiii+345 pages
942 _2ddc
_cBK
999 _c749057
_d749057